[Event "Challenge"]
[Site "http://www.queenalice.com/game.php?id=243438"]
[Date "2007.7.21"]
[Round "-"]
[White "CoRiaNtumR1"]
[Black "PapaC"]
[Result "0-1"]
[WhiteElo "1100"]
[BlackElo "1500"]

1. e3 e5 2. Bd3 d5 3. Qf3 e4 4. Bxe4 dxe4 5. Qxe4+ Be7 6. Nf3 Nf6 7. Qa4+ Nc6 8.
O-O O-O 9. b3 Bd7 10. Qg4 Bxg4 11. Nh4 Qd5 12. Nc3 Qh5 13. g3 g5 14. Ng2 Bh3 15.
e4 Ne5 16. f4 Bc5+ 17. Kh1 Neg4 18. Bb2 Bxg2+ 19. Kxg2 Qxh2+ 20. Kf3 Ne5+ 21.
fxe5 g4+ 22. Kf4 Qh6+ 23. Kf5 Qg6+ 24. Kf4 Nh5# 0-1

[Event "Challenge"]
[Site "http://www.queenalice.com/game.php?id=243440"]
[Date "2007.7.21"]
[Round "-"]
[White "CoRiaNtumR1"]
[Black "tiagoaf"]
[Result "0-1"]
[WhiteElo "1016"]
[BlackElo "1209"]

1. e3 d5 2. Nc3 Nf6 3. Bd3 Na6 4. Qe2 Nc5 5. Bb5+ c6 6. Bd3 Nxd3+ 7. Qxd3 Ne4 8.
b4 Nxc3 9. dxc3 g5 10. Nf3 e6 11. Bb2 Qf6 12. Rd1 Bh6 13. e4 g4 14. c4 Qxb2 15.
Nd2 d4 16. Nb3 e5 17. c3 dxc3 18. Rb1 Qxa2 19. Rd1 O-O 20. Qd6 Qxb3 21. O-O Bd2
22. f4 Qxc4 23. fxe5 Be3+ 24. Kh1 c2 25. Rd3 c1=Q 26. Rxc1 Qxc1+ 27. Rd1 Qb2 28.
e6 Bxe6 29. h3 gxh3 30. gxh3 Bxh3 0-1

[Event "Challenge"]
[Site "http://www.queenalice.com/game.php?id=243443"]
[Date "2007.7.21"]
[Round "-"]
[White "panderson1988"]
[Black "CoRiaNtumR1"]
[Result "1-0"]
[WhiteElo "1481"]
[BlackElo "987"]

1. e4 d6 2. Nc3 c5 3. Bc4 e6 4. Nf3 d5 5. exd5 exd5 6. Bxd5 Qe7+ 7. Qe2 Nf6 8.
Qxe7+ Bxe7 9. d3 O-O 10. Bc4 Re8 11. Ng5 Bd6+ 12. Be3 Nbd7 13. Bxf7+ Kf8 14.
Bxe8 Kxe8 15. O-O Ne5 16. Rfe1 Ng6 17. Bxc5+ Kd7 18. Bxd6 Kxd6 19. Nb5+ Kc5 20.
Nc7 Rb8 21. Nce6+ Kd6 22. Nxg7 h6 23. Ne4+ Ke7 24. Nxf6+ Kxf6 25. Nh5+ Kg5 26.
Ng3 b5 27. Re8 Nf4 28. Rae1 h5 29. R1e5+ Kf6 30. Nxh5+ Kg6 31. Nxf4+ Kf7 32.
R5e7+ Kf6 33. Rc7 Kf5 34. Nh3 Kf6 35. Rexc8 Rb6 36. Rf8+ Ke6 37. Rc5 Kd6 38. Rh5
Kc6 39. Rf6+ Kc7 40. Rh7+ Kd8 41. Rf8# 1-0

[Event "Challenge"]
[Site "http://www.queenalice.com/game.php?id=243537"]
[Date "2007.7.22"]
[Round "-"]
[White "rbivanov"]
[Black "CoRiaNtumR1"]
[Result "1-0"]
[WhiteElo "1457"]
[BlackElo "1044"]

1. e4 e6 2. d4 b6 3. Nf3 Bb4+ 4. Nc3 Bd6 5. Bb5 Nf6 6. e5 c6 7. Ba4 Bxe5 8. dxe5
Ng4 9. O-O Bb7 10. h3 Nxe5 11. Nxe5 b5 12. Bb3 d5 13. Qf3 d4 14. Qxf7# 1-0

[Event "AUTO-OPEN-752"]
[Site "http://www.queenalice.com/game.php?id=243560"]
[Date "2007.7.22"]
[Round "1"]
[White "dequeue"]
[Black "CoRiaNtumR1"]
[Result "1-0"]
[WhiteElo "1761"]
[BlackElo "1016"]

1. f4 b6 2. Nf3 Bb7 3. e3 g5 4. Nxg5 Bg7 5. d4 e6 6. Nc3 h6 7. Nf3 h5 8. Bd3 Rh6
9. Bd2 Rg6 10. Bxg6 fxg6 11. Qe2 c5 12. dxc5 Na6 13. cxb6 axb6 14. Nb5 Rc8 15.
Nd6+ Ke7 16. Nxc8+ Qxc8 17. c3 d5 18. Ne5 d4 19. exd4 Nf6 20. Nxg6+ Kf7 21. Nh4
1-0

[Event "AUTO-OPEN-752"]
[Site "http://www.queenalice.com/game.php?id=243561"]
[Date "2007.7.22"]
[Round "1"]
[White "CoRiaNtumR1"]
[Black "dequeue"]
[Result "0-1"]
[WhiteElo "1016"]
[BlackElo "1763"]

1. e3 e5 2. Bd3 d5 3. b3 Nc6 4. Bb2 Nf6 5. c4 Bc5 6. cxd5 Nxd5 7. e4 Qf6 8. Qe2
Nf4 9. Qf3 Nxd3+ 10. Qxd3 Qxf2+ 11. Kd1 Bg4+ 12. Kc2 Nb4+ 13. Kc3 Nxd3 14. Kxd3
O-O-O+ 15. Kc2 Qxg2 16. h3 Qxh1 17. Nc3 Bd1+ 18. Rxd1 Bb4 19. Nb5 Qxe4+ 20. d3
Qg2+ 21. Kb1 Rxd3 0-1

[Event "AUTO-OPEN-752"]
[Site "http://www.queenalice.com/game.php?id=243584"]
[Date "2007.7.22"]
[Round "1"]
[White "CoRiaNtumR1"]
[Black "Blackdeath"]
[Result "0-1"]
[WhiteElo "1016"]
[BlackElo "1582"]

1. b3 d5 2. e3 e5 3. Qf3 e4 4. Qf4 Bd6 5. Qxd6 Qxd6 6. d3 Nf6 7. dxe4 Nxe4 8. c4
dxc4 9. Bxc4 a6 10. a4 Nc6 11. Ke2 O-O 0-1

[Event "AUTO-OPEN-752"]
[Site "http://www.queenalice.com/game.php?id=243585"]
[Date "2007.7.22"]
[Round "1"]
[White "Blackdeath"]
[Black "CoRiaNtumR1"]
[Result "1-0"]
[WhiteElo "1584"]
[BlackElo "1016"]

1. d4 a5 2. Bf4 e6 3. Nc3 Qf6 4. e3 e5 5. Bxe5 Qe6 6. Nb5 Kd8 7. Nxc7 Qc6 8.
Nxa8 d6 9. d5 Qc5 10. Bd4 Qxd5 11. Nb6 1-0

[Event "Challenge"]
[Site "http://www.queenalice.com/game.php?id=244482"]
[Date "2007.7.23"]
[Round "-"]
[White "Prates"]
[Black "CoRiaNtumR1"]
[Result "1-0"]
[WhiteElo "1100"]
[BlackElo "1044"]

1. d4 e6 2. Nf3 Bb4+ 3. Nbd2 b6 4. a3 Bd6 5. Nc4 Bb7 6. Nxd6+ cxd6 7. Qd3 Nc6 8.
Ng5 e5 9. Ne4 Qc8 10. Nxd6+ Ke7 11. Nxc8+ Rxc8 12. c3 Nf6 13. Bg5 Rc7 14. Qc4
Rd8 15. dxe5 d5 16. Qb5 Nxe5 17. O-O-O Bc6 18. Qb4+ Ke6 19. Bxf6 Kxf6 20. Qf4+
Ke6 21. Qe3 d4 22. Rxd4 Bd5 23. f4 Ke7 24. Qxe5+ Be6 25. Qxc7+ Bd7 26. Re4+ Kf6
27. Qxd8+ Kf5 28. Qe7 g5 29. g3 gxf4 30. Bh3+ Kg6 31. Bxd7 fxg3 32. Qd6+ f6 33.
Rg4+ Kh5 34. Qxf6 h6 35. Qg6# 1-0

[Event "Challenge"]
[Site "http://www.queenalice.com/game.php?id=244492"]
[Date "2007.7.23"]
[Round "-"]
[White "karamazowii"]
[Black "CoRiaNtumR1"]
[Result "1-0"]
[WhiteElo "1573"]
[BlackElo "1004"]

1. d4 Nc6 2. d5 Ne5 3. f4 Nc4 4. b3 Nd6 5. Nc3 e6 6. e4 exd5 7. exd5 Qe7+ 8. Qe2
b5 9. Qxe7+ Bxe7 10. Nxb5 Kd8 11. Nxd6 cxd6 12. Bb2 Bb7 13. Bxg7 Bf6 14. Bxh8
Bxh8 15. O-O-O Ne7 16. c4 Rc8 17. Kb1 Nf5 18. g4 Ne3 19. Re1 Nxd5 20. Nf3 Nc3+
21. Kc2 Bxf3 22. Rg1 Nxa2 23. g5 d5 24. h4 f6 25. Kb2 Nb4 26. g6 dxc4 27. bxc4
f5+ 28. g7 Bxg7+ 29. Rxg7 Rxc4 30. Bxc4 a5 31. Rxh7 a4 32. h5 1-0

[Event "Let's Play Chess!"]
[Site "http://www.queenalice.com/game.php?id=245081"]
[Date "2007.7.24"]
[Round "-"]
[White "rdaigle2003"]
[Black "CoRiaNtumR1"]
[Result "1-0"]
[WhiteElo "1241"]
[BlackElo "987"]

1. e4 b6 2. Qf3 Bb7 3. Nc3 d5 4. exd5 e6 5. Bc4 exd5 6. Bxd5 Qe7+ 7. Qe4 Bxd5 8.
Qe3 Qxe3+ 9. dxe3 g5 10. e4 Bc6 11. Bxg5 Nd7 12. O-O-O f6 13. Bf4 Nc5 14. Re1
Bh6 15. Nh3 O-O-O 16. Kb1 Rd4 17. Nd5 Nxe4 18. Nxf6 Nexf6 19. Bxh6 Nxh6 20. Re6
Rhd8 21. b3 Rd2 22. Rxc6 1-0